000 00669nam a2200241Ia 4500
003 OSt
005 20221005083438.0
006 a|||||r|||| 00| 0
007 ta
008 221004b |||||||| |||| 00| 0 eng d
024 _a72102
037 _cTextual
040 _aCRL
_cCRL
_beng
041 _2eng
_aeng
082 _aY394-73(Q2).N75<-J50, M0
100 _aHockings Paul
245 0 _aAncient Hindu refugees
_b Badga social history 1550-1975
260 _aNew Delhi
_bVikas 1980
_c1980
300 _a284p.
_ccm.
650 _aSOCIOLOGY
942 _hY394-73(Q2).N75<-J50, M0
_cTEXL
_2cc
999 _c990978
_d990978